शैक्षिक तकनीकी के मूल तत्व एवं प्रबन्धन / (Record no. 119433)
[ view plain ]
| 000 -LEADER | |
|---|---|
| fixed length control field | 01293nam a22002777a 4500 |
| 005 - DATE AND TIME OF LATEST TRANSACTION | |
| control field | 20170124103134.0 |
| 010 ## - LIBRARY OF CONGRESS CONTROL NUMBER | |
| LC control number | B-085486 |
| 020 ## - INTERNATIONAL STANDARD BOOK NUMBER | |
| Terms of availability | 175.00 |
| 035 ## - SYSTEM CONTROL NUMBER | |
| System control number | B-085486 |
| 037 ## - SOURCE OF ACQUISITION | |
| Source of stock number/acquisition | Cen Lib/Ret |
| 040 ## - CATALOGING SOURCE | |
| Original cataloging agency | DPL |
| Language of cataloging | HN |
| 082 ## - DEWEY DECIMAL CLASSIFICATION NUMBER | |
| Classification number | 371.3078 |
| Item number | मंगल |
| 100 ## - MAIN ENTRY--PERSONAL NAME | |
| Personal name | मंगल, एस.के. |
| 9 (RLIN) | 73 |
| 245 ## - TITLE STATEMENT | |
| Title | शैक्षिक तकनीकी के मूल तत्व एवं प्रबन्धन / |
| Statement of responsibility, etc | एस.के.मंगल [और] सुभ्रा मंगल |
| 246 ## - VARYING FORM OF TITLE | |
| Title proper/short title | Shaishik takniki ke mool tatv ewam prabnadhan / |
| Remainder of title | by S.K.Mangal [aur] Shubhra Mangal |
| 260 ## - PUBLICATION, DISTRIBUTION, ETC. (IMPRINT) | |
| Name of publisher, distributor, etc | इंटरनेशनल पब्लिशिंग हाउस |
| Date of publication, distribution, etc | 2005 |
| Place of publication, distribution, etc | मेरठ |
| 270 ## - ADDRESS | |
| Address | कालिज रोड |
| City | मेरठ |
| Postal code | 250001 |
| 300 ## - PHYSICAL DESCRIPTION | |
| Extent | x,344पृ. |
| Dimensions | 22सेमी(सजिल्द) |
| 500 ## - GENERAL NOTE | |
| General note | संदर्भ शामिल |
| 650 ## - SUBJECT ADDED ENTRY--TOPICAL TERM | |
| Topical term or geographic name as entry element | शिक्षण-अधिगम -- प्रबंधन |
| 9 (RLIN) | 84872 |
| 650 ## - SUBJECT ADDED ENTRY--TOPICAL TERM | |
| Topical term or geographic name as entry element | शिक्षण-अधिगम -- संगठन |
| 9 (RLIN) | 84873 |
| 650 ## - SUBJECT ADDED ENTRY--TOPICAL TERM | |
| Topical term or geographic name as entry element | The teaching-learning - Management |
| 9 (RLIN) | 84874 |
| 650 ## - SUBJECT ADDED ENTRY--TOPICAL TERM | |
| Topical term or geographic name as entry element | The teaching-learning organization |
| 9 (RLIN) | 84875 |
| 700 ## - ADDED ENTRY--PERSONAL NAME | |
| Personal name | मंगल, सुभ्रा |
| 9 (RLIN) | 84876 |
| 942 ## - ADDED ENTRY ELEMENTS (KOHA) | |
| Source of classification or shelving scheme | Dewey Decimal Classification |
| Koha item type | Hindi Books |
| Classification part | 371.3078 |
| Call number suffix | मंगल |
| Withdrawn status | Lost status | Damaged status | Not for loan | Home library | Current library | Date acquired | Source of acquisition | Cost, normal purchase price | Total Checkouts | Total Renewals | Full call number | Barcode | Date last seen | Date checked out | Copy number | Cost, replacement price | Price effective from | Koha item type |
|---|---|---|---|---|---|---|---|---|---|---|---|---|---|---|---|---|---|---|
| Central Library | Central Library | 17/09/2015 | Cen Lib/Ret | 175.00 | 5 | 2 | 371.3078 मंगल | B-085486 | 22/10/2022 | 07/10/2022 | 1 | 175.00 | 17/09/2015 | Hindi Books |
